Pokémon - Einall-Dex (S2/W2) - Statistiken

Allgemein
  • Dieses Quiz wurde 43 mal gespielt
  • Das Durchschnittsergebnis liegt bei 184 aus 301
Antwortstatistiken
Dex-Nr. Pokémon % Korrekt
004 Floink
100%
002 Efoserp
92%
006 Flambirex
92%
007 Ottaro
92%
001 Serpifeu
92%
003 Serpiroyal
92%
009 Admurai
85%
014 Dusselgurr
85%
016 Fasasnob
85%
005 Ferkokel
85%
040 Grillchita
85%
039 Grillmak
85%
297 Kyurem
85%
015 Navitaub
85%
042 Sodachita
85%
041 Sodamak
85%
038 Vegichita
85%
037 Vegimak
85%
008 Zwottronin
85%
198 Boreos
77%
116 Castellith
77%
045 Cerapendra
77%
012 Felilou
77%
102 Flampion
77%
103 Flampivian
77%
018 Folikon
77%
300 Genesect
77%
013 Kleoparda
77%
011 Kukmarda
77%
019 Matrifol
77%
185 Maxax
77%
183 Milza
77%
010 Nagelotz
77%
153 Piccolente
77%
295 Reshiram
77%
044 Rollum
77%
184 Sharfax
77%
154 Swaroness
77%
226 Terrakium
77%
043 Toxiped
77%
000 Victini
77%
227 Viridium
77%
199 Voltolos
77%
296 Zekrom
77%
181 Apoquallyp
69%
092 Aquana
69%
024 Bissbark
69%
093 Blitza
69%
070 Brockoloss
69%
200 Demeteros
69%
125 Echnatoll
69%
091 Evoli
69%
194 Fermicula
69%
094 Flamara
69%
099 Ganovil
69%
118 Irokex
69%
298 Keldeo
69%
068 Kiesling
69%
133 Knospi
69%
225 Kobalium
69%
115 Lithomith
69%
034 Lucario
69%
075 Meistagrif
69%
299 Meloetta
69%
096 Nachtara
69%
073 Praktibalk
69%
095 Psiana
69%
101 Rabigator
69%
033 Riolu
69%
100 Rokkaiman
69%
134 Roselia
69%
135 Roserade
69%
076 Rotomurf
69%
069 Sedimantur
69%
047 Smogmog
69%
046 Smogon
69%
077 Stalobor
69%
017 Strawickl
69%
074 Strepoli
69%
120 Symvolara
69%
023 Terribark
69%
174 Voltula
69%
173 Wattzapf
69%
022 Yorkleff
69%
178 Zapplalek
69%
179 Zapplarang
69%
177 Zapplardin
69%
148 Zebritz
69%
117 Zurrokex
69%
216 Absol
62%
129 Aeropteryx
62%
027 Ampharos
62%
052 Arkani
62%
032 Azumarill
62%
030 Azurill
62%
104 Barschuft
62%
230 Branawarz
62%
204 Camaub
62%
156 Cavalanzas
62%
085 Dressella
62%
274 Duodino
62%
056 Elekid
62%
057 Elektek
62%
058 Elevoltek
62%
147 Elezeba
62%
083 Elfun
62%
144 Emolga
62%
028 Enton
62%
029 Entoron
62%
128 Flapteryx
62%
066 Fleknoil
62%
231 Flunschlik
62%
097 Folipurba
62%
051 Fukano
62%
193 Furnifraß
62%
126 Galapaflos
62%
255 Gelatini
62%
256 Gelatroppo
62%
257 Gelatwino
62%
098 Glaziola
62%
080 Haspiror
62%
267 Jiutesto
62%
273 Kapuno
62%
268 Karadonis
62%
127 Karippas
62%
259 Keifel
62%
132 Klikdiklak
62%
130 Klikk
62%
131 Kliklak
62%
160 Kronjuwild
62%
242 Lapras
62%
155 Laukaps
62%
084 Lilminip
62%
055 Magbrant
62%
053 Magby
62%
054 Magmar
62%
048 Magnetilo
62%
049 Magneton
62%
050 Magnezone
62%
124 Makabaja
62%
260 Mamutel
62%
119 Maracamba
62%
031 Marill
62%
229 Mebrana
62%
139 Monozyto
62%
195 Petznief
62%
202 Piondragi
62%
201 Pionskora
62%
180 Quabbel
62%
172 Ramoth
62%
228 Schallquap
62%
157 Schnuthelm
62%
159 Sesokitz
62%
270 Shardrago
62%
210 Shuppet
62%
196 Siberio
62%
221 Skorgla
62%
222 Skorgro
62%
064 Sleima
62%
065 Sleimok
62%
087 Somnivora
62%
239 Starmie
62%
238 Sterndu
62%
176 Tentantel
62%
275 Trikephalo
62%
289 Venuflibis
62%
025 Voltilamm
62%
026 Waaty
62%
240 Wailmer
62%
241 Wailord
62%
110 Washakwil
62%
082 Waumboll
62%
247 Altaria
54%
149 Bamelin
54%
211 Banette
54%
269 Bisofank
54%
150 Bojelin
54%
250 Bronzel
54%
251 Bronzong
54%
276 Bummelz
54%
205 Camerupt
54%
108 Chillabell
54%
106 Deponitox
54%
294 Despotar
54%
261 Ditto
54%
078 Eneco
54%
079 Enekoro
54%
067 Fletiamo
54%
163 Formeo
54%
197 Frigometri
54%
109 Geronimatz
54%
223 Gladiantri
54%
290 Glibunkel
54%
062 Golbat
54%
271 Golbit
54%
272 Golgantes
54%
207 Groink
54%
112 Grypheldis
54%
162 Hutsassa
54%
158 Hydragil
54%
137 Hypnomorba
54%
171 Ignivor
54%
063 Iksbat
54%
266 Jugong
54%
265 Jurob
54%
175 Kastadur
54%
121 Knacklion
54%
279 Krebscorps
54%
280 Krebutack
54%
292 Larvitar
54%
278 Letarking
54%
123 Libelldra
54%
190 Lichtel
54%
219 Lin-Fu
54%
182 Mamolida
54%
264 Metagross
54%
263 Metang
54%
140 Mitodos
54%
136 Mollimorba
54%
138 Morbitesse
54%
277 Muntier
54%
036 Ohrdoch
54%
071 Onix
54%
203 Panzaeron
54%
213 Pelipper
54%
107 Picochilla
54%
232 Pottrott
54%
293 Pupitar
54%
258 Quiekel
54%
059 Rattfratz
54%
060 Rattikarl
54%
114 Sandamer
54%
113 Sandan
54%
081 Schlapor
54%
244 Seejong
54%
243 Seemops
54%
186 Sengo
54%
111 Skallyk
54%
192 Skelabra
54%
086 Somniam
54%
021 Sonnflora
54%
020 Sonnkern
54%
206 Spoink
54%
072 Stahlos
54%
168 Stolloss
54%
167 Stollrak
54%
166 Stollunior
54%
262 Tanhel
54%
161 Tarnpignon
54%
291 Toxiquak
54%
288 Tropius
54%
105 Unratütox
54%
122 Vibrava
54%
187 Vipitis
54%
249 Vulnona
54%
248 Vulpix
54%
246 Wablu
54%
245 Walraisa
54%
220 Wie-Shu
54%
212 Wingull
54%
286 Yanma
54%
287 Yanmega
54%
152 Zoroark
54%
151 Zorua
54%
061 Zubat
54%
141 Zytomega
54%
254 Botogel
46%
224 Caesurio
46%
237 Corasonn
46%
208 Driftlon
46%
209 Drifzepeli
46%
035 Dummisel
46%
281 Fluffeluff
46%
283 Knuddeluff
46%
191 Laternecto
46%
214 Lunastein
46%
234 Mantax
46%
233 Mantirps
46%
189 Megalon
46%
164 Nasgnet
46%
236 Octillery
46%
089 Piepi
46%
088 Pii
46%
146 Pinsir
46%
090 Pixi
46%
282 Pummeluff
46%
188 Pygraulon
46%
235 Remoraid
46%
284 Schlurp
46%
285 Schlurplek
46%
145 Skaraborn
46%
253 Snibunna
46%
252 Sniebel
46%
215 Sonnfel
46%
217 Tangela
46%
218 Tangoloss
46%
165 Voluminas
46%
143 Honweisel
31%
170 Lepumentas
31%
169 Puppance
31%
142 Wadribie
31%
Keine übereinstimmenden Quizze gefunden
Verteilung der Resultate
Anzahl Personen mit jedem Resultat
Perzentil nach korrekt beantworteten Fragen
Ihre Resultats-Entwicklung
Sie haben dieses Quiz noch nicht gespielt